The complete guide to stress management (Record no. 623)

MARC details
000 -LEADER
fixed length control field 00698nam a2200193 a 4500
005 - DATE AND TIME OF LATEST TRANSACTION
control field 20260322212027.0
008 - FIXED-LENGTH DATA ELEMENTS--GENERAL INFORMATION
fixed length control field data
010 ## - LIBRARY OF CONGRESS CONTROL NUMBER
LC control number 91-20027
096 ## - LOCALLY ASSIGNED NLM-TYPE CALL NUMBER (OCLC)
Classification number WM 172 P272c 1991
001 - CONTROL NUMBER
control field data
100 1# - MAIN ENTRY--PERSONAL NAME
Personal name Patel, Chandra
245 14 - TITLE STATEMENT
Title The complete guide to stress management
Statement of responsibility, etc. Chandra Patel.
260 ## - PUBLICATION, DISTRIBUTION, ETC.
Place of publication, distribution, etc. New York
Name of publisher, distributor, etc. Plenum Press
Date of publication, distribution, etc. c1991
300 ## - PHYSICAL DESCRIPTION
Extent xiv, 361 p. :
Other physical details ill.
500 ## - GENERAL NOTE
General note Includes bibliographical references (P. 339-348) and index
650 #4 - SUBJECT ADDED ENTRY--TOPICAL TERM
Topical term or geographic name entry element Stress (Psychology).
650 #4 - SUBJECT ADDED ENTRY--TOPICAL TERM
Topical term or geographic name entry element Stress management.
856 40 - ELECTRONIC LOCATION AND ACCESS
Uniform Resource Identifier <a href="https://openlibrary.org/works/OL4094000W/The_Complete_Guide_to_Stress_Management?edition=completeguidetos0000pate">https://openlibrary.org/works/OL4094000W/The_Complete_Guide_to_Stress_Management?edition=completeguidetos0000pate</a>
Link text Online access from the Open Library.
Public note Requires free sign up.
Holdings
Withdrawn status Lost status Damaged status Not for loan Home library Current library Shelving location Date acquired Total checkouts Full call number Barcode Date last seen Price effective from Koha item type
        Franklin Franklin General stacks 22/03/2026   GEN BC0010640 22/03/2026 22/03/2026 Books